| 000 | 00467nam a2200181Ia 4500 | ||
|---|---|---|---|
| 005 | 20250603145415.0 | ||
| 008 | 250603s9999 xx 000 0 und d | ||
| 020 | _a9781032777917 | ||
| 050 | _aTP 248.25 .N35/ | ||
| 100 | _aKumari, Avnesh | ||
| 245 | 0 | _aNanotechnology for sustainable agriculture, food and environment | |
| 260 | _aBoca Raton | ||
| 260 | _b CRC Press | ||
| 260 | _c2024 | ||
| 300 | _axvii, 349p.: ill. | ||
| 650 | _aBoca Raton | ||
| 942 | _cBK | ||
| 999 |
_c41766 _d41766 |
||